01591nam a2200301 a 450000100060000000300080000600500170001400800410003102000160007203500190008804000320010704100080013908200380014711000850018524503130027024601450058326000500072830000380077849000260081665100590084265100760090170000330097771000430101083000340105394200130108799900170110095201720111764196BD-RjUL20211209081300.0170126s1963 pk s o00| 0 eng  c: PRs. 3.50 a(BD-RjUL)64326 aDLCcDLCdDLCdBD-RjULbeng aeng a304.609549021223bHAZ 1963 (DCR) aPakistan.bMinistry of Home and Kashmir Affairs (Home Affairs Division).918643210aPopulation census of Pakistan, 1961 : bDistrict census report, Hazara. Parts I-V : General description, general tables, housing tables, population tables, and village statistics. / cPakistan. Ministry of Home and Kashmir Affairs (Home Affairs Division) ; Census organization (Pakistan) ; A. Rashid, [comp.] aDistrict census report, HazarabParts I-V : General description, general tables, housing tables, population tables, and village statistics.  aKarachi : bManager of publications,c[1963]. avarious pagings :bIll. ;c25 cm. acensus, 61 ;vNo. 108 aPakistan (West Pakistan)zHazaravCensus, 19619190635 aPakistan (West Pakistan)zHazaraxPopulationvStatistics y19619190636 aRashid, A. , [comp.]9186708 aCensus organization (Pakistan)9186435 acensus, 61 ;vNo. 1089190638 2ddccRAR c64196d64196 00102ddc40718RAREaRUCLbRUCLcRared1963-08-02eDirectorate of Census, West Pakistanl0oRA 304.609549021 HAZ 1963(DCR)r2017-02-11 00:00:00tC-1w2017-02-11yRAR